000 01225cab a2200253 4500
001 ABS52190
008 090401t1995 xxu||||| |||| 00| 0 eng d
035 _a(Sirsi) u65150
041 _aeng
100 _aStorey, I.
245 _aProperty points
260 _c1995
350 _a0
490 _aGuardian Gazette
_v92(02) 11 January 1995, 38-39(2)
520 _aExamines recent developments in property law including the treatment of deeds of gift under Insolvency Act 1986 ss339-342; recent cases concerning the desirability or otherwise of separate representation of borrowers and lenders "Mortgage Express Limited v Bowerman and Partners" (WB3020-41) and "Target Holding Limited v Redferns" (WB2944-69); a case involving computer printed possession summonses "Nationwide Building Society v Shillbeer" and the Law of Property (Miscellaneous Provisions) Bill which reforms the law relating to post-completion liability of sellers.
650 _aDEEDS OF GIFT
650 _aINSOLVENCY ACT 1986
650 _aLAW OF PROPERTY (MISCELLANEOUS PROVISIONS) BILL
650 _aPOSSESSION SUMMONSES
650 _aSEPARATE REPRESENTATION
690 _aPROPERTY LAW AND PRACTICE
942 _n0
948 _c04/03/1997
999 _c40614
_d40614